Journal of Pakistan Vision

Bibliographic Details
Format: eBook
Language:English
Published: Islamabad: Knowledge Bylanes, 2014 -
Subjects:
Online Access:Acceso restringido

MARC

LEADER 00000nam a22000007a 4500
005 2019101602132.0
007 cr|||| ||||
008 191016c20149999us fr|w s|||| 0|||b1eng d
022 |a 1681-5742 
035 |a 22431 
040 |a vLex 
090 |c 9866  |d 9866 
245 0 0 |a Journal of Pakistan Vision  |h [Recurso electrn̤ico] / 
256 |a Servicio en ln̕ea 
260 |a Islamabad:  |b Knowledge Bylanes,  |c 2014 - 
300 |a 1 recurso electrn̤ico 
310 |a Semestral 
506 1 |a Disponible solo en los productos indicados  |d vLex Global  |d vLex Global (Academic Edition, excluding Law Schools)  |d vLex Global (Academic Edition, Law Schools) 
650 |a Economa̕ y negocios  |z Estados Unidos 
650 |a Ciencias sociales  |z Estados Unidos 
740 0 |a vLex Revistas (Servicio en ln̕ea) 
856 4 0 |u http://vlex.com/source/journal-of-pakistan-vision-22431  |z Acceso restringido 
942 |c REV 
999 0 |a Economy and business 
999 0 |a Social sciences